Normal view
MARC view
- Siotis, J.
Entry Nombre Personal
001 - NUMERO DE CONTROL
- campo de control: 45492
003 - IDENTIFICADOR DE NUMERO DE CONTROL
- campo de control: DLC
005 - FECHA Y HORA DE LA ÜLTIMA TRANSACCIÓN
- campo de control: 20220822085426.0
008 - DATOS DE LONGITUD FIJA
- campo de control de longitud fija: 220822n| acannaab| |a aad |||
010 ## - NÚMERO DE CONTROL DE LA BIBLIOTECA DEL CONGRESO
- Número de control LC: n 88615789
040 ## - FUENTE DE CATALOGACIÓN
- Agencia original de catalogación: DLC
- Agencia de transcripción: DLC
- Lenguaje de catalogación: spa
- Agencia que lo modifica: MX-MxUPN
100 1# - ENCABEZAMIENTO - NOMBRE PERSONAL
- Nombre personal: Siotis, J.
- Fuller form of name: (Jean)
400 10 - VEÁSE - NOMBRE DE PERSONA
- Personal name: Siotis, Jean
670 ## - FUENTE EN LA QUE SE LOCALIZARON DATOS
- Cita de la fuente: nuc88-25072: Minet, G. Spain, Greece, and Community politics, c1981
- Información localizada: (hdg. on MChB rept.: Siotis, Jean; usage: J. Siotis)
902 ## - CATALOGADOR
- Catalogador: NDAF/220822
